Introductory solid state physics, second edition / (Record no. 29280)

000 -LEADER
fixed length control field 00537 a2200169 4500
020 ## - INTERNATIONAL STANDARD BOOK NUMBER
International Standard Book Number 0748406603
020 ## - INTERNATIONAL STANDARD BOOK NUMBER
International Standard Book Number 9780748406609
082 04 - DEWEY DECIMAL CLASSIFICATION NUMBER
Classification number 530.41
090 ## - LOCALLY ASSIGNED LC-TYPE CALL NUMBER (OCLC); LOCAL CALL NUMBER (RLIN)
-- 650
-- 650
100 1# - MAIN ENTRY--PERSONAL NAME
Personal name Myers, H.P.
245 10 - TITLE STATEMENT
Title Introductory solid state physics, second edition /
Statement of responsibility, etc. H.P. Myers.
250 ## - EDITION STATEMENT
Edition statement 2nd ed.
260 ## - PUBLICATION, DISTRIBUTION, ETC.
Place of publication, distribution, etc. [S.l.] :
Name of publisher, distributor, etc. CRC Press,
Date of publication, distribution, etc. 1998
300 ## - PHYSICAL DESCRIPTION
Extent 536 p. ;
Dimensions 25 cm.
942 ## - ADDED ENTRY ELEMENTS (KOHA)
Institution code [OBSOLETE] SNS
Koha item type Book
Call number prefix 530.41 MYE
Holdings
Withdrawn status Lost status Damaged status Not for loan Permanent Location Current Location Date acquired Total Checkouts Full call number Barcode Date last seen Price effective from Koha item type
        School of Natural Sciences (SNS) School of Natural Sciences (SNS) 05/26/2016   530.41 MYE SNS0000801 05/26/2016 05/26/2016 Book
© 2023 Central Library, National University of Sciences and Technology. All Rights Reserved.